000
00220nam a22001097a 4500
082
_a
823
_b
COL/B
100
_a
COLLINS, POPPY
245
_a
BLUEBELL
246
_a
BLUEBELL
_b
BLUEBELL
650
_a
ENGLISH STORY
942
_c
BK
999
_c
8887
_d
8887